Open Data Biblioteca Nacional de Portugal


República Portuguesa: Ministério da Cultura
Biblioteca Nacional de Portugal

Catálogo da BNP: acesso por Identificadores Unívocos
Registos Bibliográficos associados ao registo de autoridade

Etiqueta de registo: 00254nam 2200025 450
001 2288466
003 http://id.bnportugal.gov.pt/bib/catbnp/2288466
100 ## $a20260622d2025 k y0pory01030103ba
101 0# $apor$deng
102 ## $aPT
105 ## $ay m 001yy
106 ## $ar
200 1# $aProcessos de seleção e condições de trabalho dos técnicos especializados dos cursos de hotelaria e restauração$fAntónio Paulo Costa Saraiva$gorient. António Gomes Ferreira, Joaquim Luís Medeiros Alcoforado
210 #9 $aCoimbra$c[s.n.],$d2025
215 ## $a165 p.$d30 cm
328 #1 $aTese dout. Ciências da Educação (Organização do Ensino, Aprendizagem e Formação de Professores), Faculdade de Psicologia e Ciências da Educação da Universidade de Coimbra, 2025
700 #1 $aSaraiva,$bAntónio Paulo Costa$32001233
702 #1 $aFerreira,$bAntónio Gomes Alves$4727$3485957
702 #1 $aAlcoforado,$bJoaquim Luís Medeiros$4727$31708256
801 #0 $aPT$bBN$gRPC
966 ## $lBN$mFGMON$x1
971 ## $cisantos$d20260622

OpendataBNP@bnportugal.pt | Mais informação sobre acesso aos dados BNP